ბათუმის შოთა რუსთაველის სახელმწიფო უნივერსიტეტის ბიბლიოთეკა

The authoritative guide to Persepolis / (ბიბ.ჩანაწერი № 60584)

000 -LEADER
fixed length control field 00550nam a22001697a 4500
005 - DATE AND TIME OF LATEST TRANSACTION
control field 20230912150745.0
008 - FIXED-LENGTH DATA ELEMENTS--GENERAL INFORMATION
fixed length control field 230912s2011 enk||||| |||| 00| 0 eng d
020 ## - INTERNATIONAL STANDARD BOOK NUMBER
International Standard Book Number 9649196056
041 ## - LANGUAGE CODE
Language code of text/sound track or separate title eng
080 ## - UNIVERSAL DECIMAL CLASSIFICATION NUMBER
Universal Decimal Classification number 94(55) Sh-53
100 ## - MAIN ENTRY--PERSONAL NAME
Personal name Shahbazi, A Shapur
9 (RLIN) 19808
245 ## - TITLE STATEMENT
Title The authoritative guide to Persepolis /
Statement of responsibility, etc. A Shapur Shahbazi.
264 ## - PRODUCTION, PUBLICATION, DISTRIBUTION, MANUFACTURE, AND COPYRIGHT NOTICE
Place of production, publication, distribution, manufacture Tehran,
Date of production, publication, distribution, manufacture, or copyright notice 2011.
300 ## - PHYSICAL DESCRIPTION
Extent 240 p. :
Other physical details ill.;
Dimensions 21 cm.
653 ## - INDEX TERM--UNCONTROLLED
keyword პერსეპოლისის ავტორიტეტული გზამკვლევი
942 ## - ADDED ENTRY ELEMENTS (KOHA)
Source of classification or shelving scheme
Koha item type წიგნი
ეგზემპლარები
Withdrawn status Lost status Source of classification or shelving scheme Damaged status Not for loan Permanent Location Current Location Shelving location Date acquired Cost, normal purchase price Full call number Barcode Date last seen Copy number Uniform Resource Identifier Price effective from Koha item type Public note
          ბათუმის შოთა რუსთაველის სახელმწიფო უნივერსიტეტის მთავარი ბიბლიოთეკა ბათუმის შოთა რუსთაველის სახელმწიფო უნივერსიტეტის მთავარი ბიბლიოთეკა წიგნსაცავი 2023-09-12 8.00 94(55) Sh-53 65190 2023-09-12 65190 ბსუ-ს საპატიო დოქტორის გურამ ლორთქიფანიძის საჩუქარი 2023-09-12 წიგნი 8 ლ.